000 00365 a2200157 4500
001 72948
020 _a8532250718
040 _cAnchieta - Colégio São Paulo
100 _aPorto, Cristina
240 1 0 _aReflexos dos olhos-d água
_lpor
245 1 0 _aReflexos dos olhos-d água
300 _a63
362 0 _a2003
650 4 _aLiteratura infantil
942 _cBK
999 _c72948
_d72948